Brand Logos Quiz #241 - Statistics

General Stats
  • This quiz has been taken 12 times
  • The average score is 13 of 20
Answer Stats
Picture Answer % Correct
BBC
100%
Lays
100%
LG
100%
Amazon
92%
KFC
92%
Lacoste
92%
Pizza Hut
92%
WWF
83%
Atari
75%
Dolby
75%
Uber eats
67%
DoorDash
50%
Real Madrid
50%
Yamaha
50%
McLaren
42%
Xerox
42%
FC Barcelona
33%
Manchester United
33%
Zillow
25%
Squarespace
8%
No matching quizzes found
Score Distribution
Percent of People with Each Score
Percentile by Number Answered
Your Score History
You have not taken this quiz